000 02597nab a2200277 ab4500
005 20260625064033.0
008 260604b2025 sp fr poo| 0 0 spa d
003
040 _aMX-MxUPN
_bspa
_cMX-MxUPN
_eaacr2
100 1 _aRiofrío Calderón, Gioconda del Cisne
_960000
100 1 _aMoncada Mora, Luis
_960001
100 1 _aRamírez Montoya, María Soledad
_953105
100 1 _aCornejo Montaño, Gabriela Elizabeth
_960002
245 1 3 _aEl impacto de los tutores institucionales en el éxito académico de la educación a distancia :
_banálisis con técnicas estadísticas y econométricas
_h[recurso electrónico en línea]
506 0 _aAcceso abierto
520 3 _aAnalizar los factores que influyen en el abandono estudiantil en la educación superior es un desafío para las instituciones educativas, por lo que resulta fundamental comprender sus determinantes para hacerles frente de manera efectiva. El estudio se centró en el papel del tutor institucional en el éxito académico con estudiantes en línea de una universidad de Ecuador, para ubicar directrices para la retención estudiantil. Se trabajó con enfoque cuantitativo integrando técnicas estadísticas y econométricas, para analizar datos de 14 tutores y 2000 estudiantes, con indicadores de rendimiento académico, permanencia estudiantil e información del perfil de los tutores. Los resultados indican que: (a) características del perfil de los tutores, como género, experiencia, nivel de estudios o disciplina, no resultaron significativas para la retención o abandono, (b) el rendimiento académico y la satisfacción con el tutor tienen impacto significativo en la probabilidad de que los estudiantes continúen con sus estudios, (c) una evaluación positiva del tutor por parte de los estudiantes también se asocia con mayor probabilidad de continuidad. Esta investigación proporciona información para la toma de decisiones por parte de autoridades universitarias, al permitirles evaluar estrategias y analizar su impacto en el éxito académico de los estudiantes en la modalidad en línea.
_cREIFOP
650 4 _aTutoría en la educación
_95718
650 4 _aEducación a distancia
_97924
650 4 _aRendimiento académico
_93961
650 4 _aInnovaciones educativas
_9386
773 _gVol. 28, no. 2 (2025), p. 97-113
_tREIFOP: revista interuniversitaria de formación del profesorado
_x1575-0965
856 4 _uhttps://revistas.um.es/reifop/article/view/661611
856 4 _uhttps://revistas.um.es/reifop/article/view/661611/382241
902 _aLeonor Sotres/240626
942 _cART-E
999 _c215444
_d215444